[Event "TCh-CHN Division A 2014"]
[Site "Jiangmen CHN"]
[Date "2014.12.09"]
[Round "22.6"]
[White "Guo, Qi"]
[Black "Lei, Tingjie"]
[Result "0-1"]
[WhiteTitle "WGM"]
[BlackTitle "WGM"]
[WhiteElo "2458"]
[BlackElo "2421"]
[WhiteTeam "Jiangsu"]
[BlackTeam "Qingdao Experimental School"]
[WhiteFideId "8604002"]
[BlackFideId "8605114"]
[EventDate "2014.04.12"]

1. d4 Nf6 2. c4 g6 3. Nc3 d5 4. Bf4 Bg7 5. e3 O-O 6. Nf3 c5 7. dxc5 Ne4 8. Rc1
Nd7 9. cxd5 Qa5 10. Nd4 Nxc3 11. bxc3 Qxa2 12. Qb3 Qxb3 13. Nxb3 a5 14. Bc4 a4
15. Nd4 Nxc5 16. O-O Bd7 17. Ba2 Rfc8 18. Rfd1 Nb3 19. Rb1 Rxc3 20. Nxb3 axb3
21. Bxb3 Ra3 22. Bc4 Rxc4 23. Rxb7 Rd3 0-1

[Event "TCh-CHN Division A 2014"]
[Site "Jiangmen CHN"]
[Date "2014.12.09"]
[Round "22.6"]
[White "Shen, Yang"]
[Black "Gong, Qianyun"]
[Result "1-0"]
[WhiteTitle "IM"]
[BlackTitle "WIM"]
[WhiteElo "2475"]
[BlackElo "2349"]
[WhiteTeam "Jiangsu"]
[BlackTeam "Qingdao Experimental School"]
[WhiteFideId "8603162"]
[BlackFideId "8602425"]
[EventDate "2014.04.12"]

1. d4 Nf6 2. c4 d6 3. Nf3 Nbd7 4. Nc3 e5 5. e4 Be7 6. Be2 O-O 7. O-O c6 8. Re1
Qc7 9. Rb1 a5 10. Bf1 Re8 11. h3 Bf8 12. d5 Nc5 13. b3 g6 14. a3 cxd5 15. cxd5
Bd7 16. Bg5 Bg7 17. Nd2 h6 18. Be3 Rec8 19. Qf3 Qb8 20. Nb5 Ne8 21. g4 Bf8 22.
Rec1 b6 23. Qg3 g5 24. h4 Be7 25. hxg5 hxg5 26. Be2 Nc7 27. Nc3 Kg7 28. Nc4 Nb5
29. Nxb5 Bxb5 30. f3 Bd7 31. Qf2 Bd8 32. Kg2 f6 33. Rc3 a4 34. Bxc5 Rxc5 35. b4
Rc8 36. Qe1 b5 37. Ne3 Bb6 38. Rbc1 Bd4 39. Rxc8 Bxc8 40. Bd3 Bd7 41. Qe2 Ra7
42. Nf5+ Bxf5 43. gxf5 Rb7 44. Rc6 Kf7 45. Qc2 Re7 46. Rc8 Qb7 47. Kf1 Bc5 48.
Rh8 1-0